U.S. Cities With The Most Dog Parks Per Capita - Statistics

General Stats
  • This quiz has been taken 14 times
  • The average score is 4 of 10
Answer Stats
# City Parks % Correct
2 Portland 5.2
85%
8 San Francisco 3.7
85%
5 Las Vegas 4
62%
9 Tampa 3.5
54%
1 Boise 6.7
46%
7 Oakland 3.8
38%
3 Henderson 5.2
8%
6 Madison 4
8%
4 Norfolk 4.8
8%
10 Arlington 3.5
0%
No matching quizzes found
Score Distribution
Percent of People with Each Score
Percentile by Number Answered
Your Score History
You have not taken this quiz